| 000 | 00762nam a22002177a 4500 | ||
|---|---|---|---|
| 999 |
_c2705 _d2705 |
||
| 003 | AR-CdUCM | ||
| 008 | 190305b ||||| |||| 00| 0 spa d | ||
| 040 |
_aMUNICIPALIDAD PROVINCIAL DEL CUSCO _cBIBLIOTECA MUNICIPAL DEL CUSCO |
||
| 082 |
_a869.56 / _bP18 |
||
| 100 |
_aVargas Tamayo, Augusto _99485 |
||
| 245 | _aNuevamente Poesía / | ||
| 260 |
_aBuenos Aires : _bEditorial Losada, _c1965. |
||
| 300 |
_a69 Páginas ; _c20 cm. |
||
| 505 | _aContenido: Blanco -- Regreso -- Todo estaba allá -- Aniversario -- Teoría de la vida -- Esperanza en los días que vienen... | ||
| 650 |
_aPoesía Argentina _91657 |
||
| 650 |
_aTradiciones hispanas _99486 |
||
| 650 |
_aAntología poética _93092 |
||
| 650 |
_aMadre _95235 |
||
| 942 |
_2ddc _cLIBROS |
||
| 945 | _adavv | ||